| Tag |
First Indicator |
Second Indicator |
Subfields |
| LEADER |
00000cam a2200000 a 4500 |
| 001 |
in00001131421 |
| 005 |
20150930085007.0 |
| 007 |
he bmb|||baca |
| 007 |
he buu|||bubu |
| 008 |
830822s1814 enkab b 000 0 eng d |
| 010 |
|
|
|a nuc87348199
|
| 035 |
|
|
|a (OCoLC)09833134
|
| 035 |
|
|
|9 AFX8206AM
|
| 040 |
|
|
|a LCP
|c GUA
|d OCL
|d RQM
|d TXA
|d UtOrBLW
|
| 041 |
1 |
|
|a eng
|h fre
|
| 043 |
|
|
|a n-us---
|
| 045 |
|
|
|a w0w0
|
| 049 |
|
|
|a TXAI
|
| 050 |
1 |
0 |
|a E164
|b .B37
|
| 050 |
1 |
4 |
|a Z1201.S45
|b B4295 S53
|
| 052 |
|
|
|a 3700
|
| 099 |
|
|
|a fiche
|a C
|a 8005
|
| 100 |
1 |
|
|a Beaujour, Louis-Auguste Félix,
|c baron de,
|d 1765-1836.
|
| 245 |
1 |
0 |
|a Sketch of the United States of North America :
|b at the commencement of the nineteenth century, from 1800 to 1810 ; with statistical tables, and a new map, by the author ; containing all the late discoveries ... /
|c by le chevalier Félix de Beaujour ... tr. from the French, with illustrative notes and appendix by William Walton, Esq.
|
| 264 |
|
1 |
|a London :
|b J. Booth [etc.],
|c 1814.
|
| 300 |
|
|
|a xx, ii pages, 1 leaf, [5]-363 pages :
|b (folded map) xvii tables (14 folded) ;
|c 22 cm.
|
| 336 |
|
|
|a text
|b txt
|2 rdacontent
|
| 337 |
|
|
|a microform
|b h
|2 rdamedia
|
| 338 |
|
|
|a microfiche
|b he
|2 rdacarrier
|
| 500 |
|
|
|a The map is inscribed "Carte des États-Unis dressée par P. Lapie, 1814."
|
| 500 |
|
|
|a Master microform held by: LCP.
|
| 533 |
|
|
|a Microfiche.
|b Louisville, Ky. :
|c Lost Cause Press,
|d 1969.
|e 11 microfiches : negative ; 11 x 15 cm.
|f (Selected Americana from Sabin's dictionary of books relating to America)
|
| 500 |
|
|
|a Microform.
|
| 651 |
|
0 |
|a United States
|x Economic conditions.
|
| 651 |
|
0 |
|a United States
|x Commerce.
|
| 651 |
|
0 |
|a United States
|x Politics and government.
|
| 651 |
|
0 |
|a United States
|x Foreign relations
|y 1801-1809.
|
| 700 |
1 |
|
|a Walton, William,
|d 1784-1857.
|
| 999 |
|
|
|a MARS
|
| 999 |
f |
f |
|s 165d2c75-514d-3293-885c-0ce7cd1239bc
|i 54fe759a-5421-3f85-8a3e-23f5bfa28542
|t 0
|
| 952 |
f |
f |
|p normal
|a Texas A&M University
|b College Station
|c Sterling C. Evans Library
|d Evans: Microforms (3rd floor)
|t 0
|e fiche C 8005
|h Other scheme
|i microform -- microfiche
|m A14822807467
|
| 998 |
f |
f |
|a fiche C 8005
|t 0
|l Evans: Microforms (3rd floor)
|